[Event "AUTO-MASTER-624"]
[Site "http://www.queenalice.com/game.php?id=471187"]
[Date "2008.10.1"]
[Round "1"]
[White "jonathanodonnell"]
[Black "black13"]
[Result "1-0"]
[WhiteElo "1977"]
[BlackElo "1805"]

1. e4 c5 2. Nf3 d6 3. d4 cxd4 4. Nxd4 Nf6 5. Nc3 Bd7 6. Be2 e5 7. Ndb5 Nc6 8.
Nxd6+ Bxd6 9. Qxd6 Nd4 10. Qxe5+ Be6 11. Bb5+ Kf8 12. Bd3 Bc4 13. Qc5+ Kg8 14.
Qxc4 Rc8 15. Qa4 a6 16. Be3 Nc6 17. Rd1 Qe7 18. a3 Qe6 19. f3 h5 20. h4 g6 21.
Bc4 Qe8 22. Kf2 b5 23. Nxb5 axb5 24. Bxb5 Kg7 25. e5 Ng8 26. Rhe1 Qe6 27. Rd6
Qe8 28. Bxc6 Ne7 29. Bxe8 Rhxe8 30. Bg5 Nf5 31. Rd7 Rc5 32. e6 1-0

[Event "AUTO-MASTER-624"]
[Site "http://www.queenalice.com/game.php?id=471188"]
[Date "2008.10.1"]
[Round "1"]
[White "black13"]
[Black "jonathanodonnell"]
[Result "1/2-1/2"]
[WhiteElo "1886"]
[BlackElo "1996"]

1. e4 c6 2. d4 d5 3. Nc3 dxe4 4. Nxe4 Bf5 5. f3 Nd7 6. Bf4 Qb6 7. b3 O-O-O 8.
Bc4 e5 9. Be3 Bxe4 10. fxe4 exd4 11. Bxd4 Bc5 12. Bxg7 Bxg1 13. Qf3 Bd4 14. Bxh8
Qa5+ 15. c3 Ngf6 16. b4 Qa3 17. cxd4 Qxb4+ 18. Kf2 Rxh8 19. Qe2 Nxe4+ 20. Qxe4
Qxc4 21. Rhc1 f5 22. Rxc4 fxe4 23. d5 Rf8+ 24. Ke3 Nb6 25. Rc2 Nxd5+ 26. Kxe4
Kc7 27. Rd1 Re8+ 28. Kf3 Rf8+ 29. Ke2 Re8+ 30. Kf2 Rf8+ 1/2-1/2

[Event "AUTO-MASTER-624"]
[Site "http://www.queenalice.com/game.php?id=471189"]
[Date "2008.10.1"]
[Round "1"]
[White "jonathanodonnell"]
[Black "limenho"]
[Result "1/2-1/2"]
[WhiteElo "1974"]
[BlackElo "2047"]

1. e4 c5 2. Nf3 d6 3. d4 Nf6 4. Nc3 cxd4 5. Nxd4 Nc6 6. Bb5 Bd7 7. O-O e6 8. f4
Qc7 9. Bxc6 Bxc6 10. Nxc6 Qxc6 11. Be3 Be7 12. Qf3 O-O 13. e5 Qxf3 14. Rxf3 Ng4
15. h3 Nxe3 16. Rxe3 dxe5 17. Rxe5 Bf6 18. Rb5 1/2-1/2

[Event "AUTO-MASTER-624"]
[Site "http://www.queenalice.com/game.php?id=471190"]
[Date "2008.10.1"]
[Round "1"]
[White "limenho"]
[Black "jonathanodonnell"]
[Result "1-0"]
[WhiteElo "2051"]
[BlackElo "2062"]

1. d4 d5 2. Nf3 Nc6 3. Bf4 Bf5 4. a3 e6 5. e3 Bd6 6. Bg3 Bxg3 7. hxg3 Qd6 8. c4
Nge7 9. c5 Qd7 10. Nc3 f6 11. Nh4 e5 12. dxe5 fxe5 13. Nxf5 Qxf5 14. Bd3 e4 15.
Bc2 Rd8 16. Qe2 O-O 17. f3 Qg6 18. O-O-O 1-0

[Event "AUTO-MASTER-624"]
[Site "http://www.queenalice.com/game.php?id=471191"]
[Date "2008.10.1"]
[Round "1"]
[White "jonathanodonnell"]
[Black "betoanjos"]
[Result "1-0"]
[WhiteElo "2050"]
[BlackElo "1962"]

1. e4 c6 2. d4 d5 3. e5 Bf5 4. Nf3 e6 5. Be2 c5 6. O-O Nc6 7. c3 Qb6 8. dxc5
Bxc5 9. b4 Be7 10. b5 Na5 11. Qa4 Bc5 12. Nh4 Be4 13. Nd2 Bg6 14. Nxg6 hxg6 15.
Bb2 Ne7 16. c4 O-O 17. Bc3 Qc7 18. Qxa5 b6 19. Qa4 d4 20. Bb2 Qxe5 21. Qd1 Qd6
22. Nb3 e5 23. Nxc5 Qxc5 24. Bd3 Nf5 25. a4 Nd6 26. Qc2 Rfe8 27. Ba3 Qc7 28. c5
bxc5 29. Qxc5 Qxc5 30. Bxc5 Red8 31. Rfe1 f6 32. Bxd6 Rxd6 33. Bxg6 Rc8 34. Rac1
Rdd8 35. Red1 d3 36. Rxc8 Rxc8 37. Bxd3 Rd8 38. Bc4+ 1-0

[Event "AUTO-MASTER-624"]
[Site "http://www.queenalice.com/game.php?id=471192"]
[Date "2008.10.1"]
[Round "1"]
[White "betoanjos"]
[Black "jonathanodonnell"]
[Result "0-1"]
[WhiteElo "1983"]
[BlackElo "1976"]

1. d4 d5 2. Nf3 Nc6 3. e3 e6 4. Bd3 Bd7 5. Nbd2 Qf6 6. c3 O-O-O 7. c4 Nge7 8. c5
Ng6 9. O-O e5 10. Be2 exd4 11. Nb3 dxe3 12. Bxe3 Qxb2 13. Nfd4 Nge5 14. Bb5 Nxd4
15. Bxd4 Qa3 16. Qe2 Bxb5 17. Qxb5 Nc4 18. c6 b6 19. Nc5 Bxc5 20. Bxc5 Qa5 21.
a4 a6 22. Qxa5 Nxa5 23. Bb4 Nxc6 24. Bd2 a5 25. Rfe1 Rhe8 0-1

[Event "Challenge"]
[Site "http://www.queenalice.com/game.php?id=471517"]
[Date "2008.10.2"]
[Round "-"]
[White "Mahalael"]
[Black "jonathanodonnell"]
[Result "1-0"]
[WhiteElo "1459"]
[BlackElo "1972"]

1. e4 c6 2. Nf3 d5 3. exd5 cxd5 4. Ng5 f6 5. Ne6 Bxe6 6. Bb5+ Bd7 7. Nc3 Bxb5 8.
Nxb5 a6 9. Nd4 e5 10. Ne6 Qd6 11. Qg4 Kf7 12. Nxf8 Kxf8 13. Qc8+ Kf7 14. Qxb7+
1-0

[Event "AUTO-OPEN-1277"]
[Site "http://www.queenalice.com/game.php?id=522504"]
[Date "2009.1.14"]
[Round "2"]
[White "luizantoniosetti"]
[Black "jonathanodonnell"]
[Result "1-0"]
[WhiteElo "2138"]
[BlackElo "2046"]

1. e4 c6 2. d4 d5 3. exd5 cxd5 4. c4 Nf6 5. Nc3 Nc6 6. Bg5 Qb6 7. Bxf6 exf6 8.
Nxd5 Qa5+ 9. Qd2 Qxd2+ 10. Kxd2 Bd6 11. Nf3 O-O 12. c5 Be6 13. Nxf6+ gxf6 14.
cxd6 Rfd8 15. Bb5 Rxd6 16. Bxc6 bxc6 17. Kc3 Rad8 18. b4 Bd5 19. Nh4 Kg7 20.
Nf5+ 1-0

[Event "AUTO-OPEN-1277"]
[Site "http://www.queenalice.com/game.php?id=522505"]
[Date "2009.1.14"]
[Round "2"]
[White "jonathanodonnell"]
[Black "luizantoniosetti"]
[Result "0-1"]
[WhiteElo "2014"]
[BlackElo "2150"]

1. e4 e5 2. Nf3 Nc6 3. Bb5 a6 4. Bxc6 dxc6 5. d4 exd4 6. Qxd4 Qxd4 7. Nxd4 Bc5
8. Be3 Nf6 9. f3 Bd7 10. O-O O-O-O 11. c3 Rhe8 12. Nd2 Nd5 13. Bf2 Nf4 14. N2b3
Bb6 15. a4 c5 16. a5 Ba7 17. Nc2 Nd3 0-1

[Event "AUTO-OPEN-1241"]
[Site "http://www.queenalice.com/game.php?id=529040"]
[Date "2009.1.25"]
[Round "2"]
[White "LuizFernandes"]
[Black "jonathanodonnell"]
[Result "1-0"]
[WhiteElo "1986"]
[BlackElo "2003"]

1. e4 c6 2. d4 d5 3. Nd2 dxe4 4. Nxe4 Bf5 5. Ng3 Bg6 6. h4 h6 7. h5 Bh7 8. Nf3
Nd7 9. Bd3 Bxd3 10. Qxd3 e6 11. c4 Qa5+ 12. Bd2 Bb4 13. O-O Ne7 14. Bxb4 Qxb4
15. b3 O-O-O 16. Ne4 1-0

[Event "AUTO-OPEN-1241"]
[Site "http://www.queenalice.com/game.php?id=529041"]
[Date "2009.1.25"]
[Round "2"]
[White "jonathanodonnell"]
[Black "LuizFernandes"]
[Result "0-1"]
[WhiteElo "1986"]
[BlackElo "2003"]

1. e4 d5 2. e5 c5 3. Nf3 Bg4 4. h3 Bf5 5. d4 e6 6. Bd3 Bxd3 7. Qxd3 c4 8. Qe2
Nc6 9. c3 Be7 10. O-O h5 11. h4 Nh6 0-1